000 00293nam a22001337a 4500
008 170411b xxu||||| |||| 00| 0 eng d
020 _a0314778640
041 _aeng
080 _a612.39
100 _a9
101 _aSHM
245 _aUNDERSTANDING NUTRITION
_cBAILEY, L.E
942 _2udc
_cBK
999 _c10392
_d10392